000 00558nam a22001337a 4500
040 _cRUA
082 _aVEM OUS 2015 B530 Or.
100 _aOU SOKNEAM; អ៊ូ សុខនាម
245 _aSurvey on foot and mouth disease on cattle at Khan Chbar Ampov, Phnom Penh; ការអង្កេតពីជំងឺអុតក្ដាមលើគោនៅខណ្ឌច្បារអំពៅ រាជធានីភ្នំពេញ
260 _aPhnom Penh
_bRUA
_c2015
300 _aviii; 40p;
_bíll;
_c29cm;
856 _uOU SOKNEAM
942 _cVEM
999 _c10822
_d10822